00361nam a2200133 a 450000100100000000500170001000800410002704000250006808200150009310000180010824500350012626000450016130000210020600003375820200930070509.0110908s1938 ag 000 0 spa d aDO-SdBNPbspacBNPHU axxxbV422f1 aVega, Lope de10aFuenteovejuna /cLope de Vega. aBuenos Aires :bEditorial Losada,c1938. a262 p. ;c19 cm.